Chartbrook Ltd v. Persimmon Homes Ltd and another (Record no. 106564)
[ view plain ]
| 000 -LEADER | |
|---|---|
| fixed length control field | 01239cam a2200193 4500 |
| 001 - CONTROL NUMBER | |
| control field | L136965 |
| 008 - FIXED-LENGTH DATA ELEMENTS--GENERAL INFORMATION | |
| fixed length control field | 070307s2007 xxk f 000 0 eng d |
| 035 ## - SYSTEM CONTROL NUMBER | |
| System control number | (Sirsi) u136965 |
| 041 0# - LANGUAGE CODE | |
| Language code of text/sound track or separate title | eng |
| 245 00 - TITLE STATEMENT | |
| Title | Chartbrook Ltd v. Persimmon Homes Ltd and another |
| Medium | [electronic resource] |
| 260 ## - PUBLICATION, DISTRIBUTION, ETC. | |
| Date of publication, distribution, etc. | 2007 |
| 520 ## - SUMMARY, ETC. | |
| Summary, etc. | [2007] EWHC 409 (Ch), 2 March 2007. This is a claim for money alleged to be due under a development agreement. The dispute as to the alleged debt arises from a disagreement as to the true construction of Schedule 6 to the Agreement which contains provisions as to the Price (as defined) to be paid by Persimmon to Chartbrook, and in particular as to the element of the price labelled as the 'Additional Residential Payment'. "Held": It was decided that Persimmon did not prove either of its alternative rectification cases with sufficient clarity and their counterclaim was dismissed. |
| 590 ## - LOCAL NOTE (RLIN) | |
| Local note | KA |
| 650 24 - SUBJECT ADDED ENTRY--TOPICAL TERM | |
| Topical term or geographic name entry element | CHARTBROOK LTD V PERSIMMON HOMES LTD AND ANOTHER |
| 651 #4 - SUBJECT ADDED ENTRY--GEOGRAPHIC NAME | |
| Geographic name | England and Wales |
| Chronological subdivision | 1543- |
| 690 ## - LOCAL SUBJECT ADDED ENTRY--TOPICAL TERM (OCLC, RLIN) | |
| Topical term or geographic name as entry element | PROPERTY-RESIDENTIAL PROPERTY-RESIDENTIAL PROPERTY DEVELOPMENT |
| 856 48 - ELECTRONIC LOCATION AND ACCESS | |
| Uniform Resource Identifier | <a href="https://www.bailii.org/ew/cases/EWHC/Ch/2007/409.htmlZView the decision free of charge at www.bailii.org...">https://www.bailii.org/ew/cases/EWHC/Ch/2007/409.htmlZView the decision free of charge at www.bailii.org...</a> |
| 942 ## - ADDED ENTRY ELEMENTS (KOHA) | |
| Suppress in OPAC | 0 |
| Withdrawn status | Lost status | Source of classification or shelving scheme | Damaged status | Not for loan | Home library | Current library | Shelving location | Date acquired | Total Checkouts | Full call number | Barcode | Date last seen | Copy number | Price effective from | Koha item type |
|---|---|---|---|---|---|---|---|---|---|---|---|---|---|---|---|
| Dewey Decimal Classification | Virtual | Virtual | Online | 07/03/2007 | ONLINE PUBLICATION | 136965-2001 | 06/08/2019 | 1 | 06/08/2019 | Law report |